[Event "Avicenna op 13th"]
[Site "Hamedan"]
[Date "2016.08.25"]
[Round "3"]
[White "Hosseinipour, Mehdi"]
[Black "Rasulov, Vugar Ural Oglu"]
[Result "0-1"]
[WhiteElo "2270"]
[BlackElo "2487"]
[PlyCount "124"]
[EventDate "2016.08.24"]
[EventType "swiss"]
[EventRounds "9"]
[EventCountry "IRI"]
[SourceTitle "CBM 174 Extra"]
[Source "ChessBase"]
[SourceDate "2016.10.10"]
[SourceVersion "1"]
[SourceVersionDate "2016.10.10"]
[SourceQuality "1"]

1. e4 c5 2. Nf3 e6 3. d4 cxd4 4. Nxd4 a6 5. Bd3 Nf6 6. 0-0 Qc7 7. Qe2 d6 8. c4 g6 9. Nc3 Bg7 10. Nf3 0-0 11. Bf4 Nc6 12. Rac1 Nd7 13. Rfd1 Nde5 14. b3 Nxf3+ 15. Qxf3 Ne5 16. Qe2 Bd7 17. Bb1 Rad8 18. Be3 f5 19. exf5 gxf5 20. Bg5 Rde8 21. Qd2 Bc8 22. Ne2 Nf7 23. Be3 Rd8 24. Nf4 Qe7 25. Nh5 Bh8 26. Qe2 Rde8 27. f4 Nh6 28. h3 Kf7 29. c5 d5 30. c6 Rg8 31. Bb6 Qd6 32. Bd3 e5 33. fxe5 Bxe5 34. Qf3 bxc6 35. Be3 Rg6 36. Nf4 Ng8 37. Nxd5 Rg3 38. Qh5+ Qg6 39. Qxg6+ hxg6 40. Bf4 cxd5 41. Bxe5 Rxe5 42. Rxc8 f4 43. Rc7+ Ne7 44. Kf2 Kf6 45. Ra7 Ree3 46. Rxa6+ Ke5 47. Be2 Nf5 48. Bg4 Rc3 49. Rd2 Nd6 50. Kf1 Rc1+ 51. Rd1 Rgc3 52. a4 g5 53. b4 Rxd1+ 54. Bxd1 Nc4 55. Bf3 d4 56. Ra8 d3 57. Re8+ Kf6 58. Rd8 Ra3 59. b5 Ke7 60. Rd4 Ne3+ 61. Kf2 Ra2+ 62. Kg1 Ra1+ 0-1

[Event "IRI-ch"]
[Site "Mashhad"]
[Date "2015.01.22"]
[Round "4"]
[White "Hosseinzadeh, Nima"]
[Black "Hosseinipour, Mehdi"]
[Result "0-1"]
[WhiteElo "2180"]
[BlackElo "2295"]
[PlyCount "72"]
[EventDate "2015.01.20"]
[EventType "swiss"]
[EventRounds "11"]
[EventCountry "IRI"]
[SourceTitle "CBM 164 Extra"]
[Source "ChessBase"]
[SourceDate "2015.03.02"]
[SourceVersion "1"]
[SourceVersionDate "2015.03.02"]
[SourceQuality "1"]

1. e4 g6 2. d4 Bg7 3. c4 d6 4. Nc3 Nf6 5. Nf3 c6 6. Be2 Qc7 7. 0-0 Nbd7 8. h3 0-0 9. Be3 b6 10. d5 Bb7 11. Rc1 Rfe8 12. Nd4 c5 13. Nc2 a6 14. f4 e6 15. Bf3 exd5 16. exd5 Nf8 17. a4 Bc8 18. g4 h6 19. Qd2 Bd7 20. f5 gxf5 21. Bxh6 Ng6 22. Bxg7 Kxg7 23. Ne3 Re5 24. gxf5 Bxf5 25. Bg2 Bc8 26. Rf2 Ng8 27. Rcf1 Nh6 28. Ne4 Qe7 29. Qc3 f5 30. Nd2 Kh7 31. Nc2 Nh4 32. Nf3 Nxf3+ 33. Rxf3 Bd7 34. Ne1 Rg8 35. Nd3 Re3 36. Qd2 Re2 0-1

[Event "Tehran Behin Cup 2nd"]
[Site "Tehran"]
[Date "2014.11.22"]
[Round "9"]
[White "Hosseinipour, Mehdi"]
[Black "Petrosian, Davit Gevorgi"]
[Result "1-0"]
[WhiteElo "2275"]
[BlackElo "2382"]
[PlyCount "58"]
[EventDate "2014.11.15"]
[EventType "swiss"]
[EventRounds "9"]
[EventCountry "IRI"]
[SourceTitle "CBM 163 Extra"]
[Source "ChessBase"]
[SourceDate "2014.12.23"]
[SourceVersion "1"]
[SourceVersionDate "2014.12.23"]
[SourceQuality "1"]

1. e4 c5 2. Nf3 d6 3. d4 cxd4 4. Nxd4 Nf6 5. Nc3 g6 6. Be3 Bg7 7. f3 Nc6 8. Qd2 0-0 9. Bc4 Bd7 10. 0-0-0 Ne5 11. Bb3 Qa5 12. Kb1 Rfc8 13. g4 b5 14. h4 Rab8 15. Ka1 Nc4 16. Bxc4 bxc4 17. h5 Rc5 18. hxg6 fxg6 19. a3 Qa6 20. Rb1 Ra5 21. Ka2 e5 22. Nde2 Be6 23. Bh6 Bxh6 24. Rxh6 Nd7 25. Ng3 Nc5 26. Nf5 Nd3 27. cxd3 cxd3+ 28. Nd5 Qb7 29. Qxa5 gxf5 1-0

[Event "Tehran Alborz op 1st"]
[Site "Tehran"]
[Date "2014.03.08"]
[Round "4"]
[White "Hosseinipour, Mehdi"]
[Black "Rasulov, Vugar Ural Oglu"]
[Result "1/2-1/2"]
[WhiteElo "2277"]
[BlackElo "2521"]
[PlyCount "66"]
[EventDate "2014.03.06"]
[EventType "swiss"]
[EventRounds "11"]
[EventCountry "IRI"]
[SourceTitle "CBM 159 Extra"]
[Source "ChessBase"]
[SourceDate "2014.04.24"]
[SourceVersion "1"]
[SourceVersionDate "2014.04.24"]
[SourceQuality "1"]

1. e4 e5 2. Nf3 Nc6 3. Bc4 Bc5 4. d3 Nf6 5. c3 0-0 6. Bb3 a6 7. 0-0 Ba7 8. h3 d6 9. Re1 h6 10. Nbd2 Be6 11. Nf1 Re8 12. Be3 Qd7 13. Bxa7 Rxa7 14. Ng3 Bxb3 15. Qxb3 a5 16. a4 Ra6 17. Nd2 d5 18. exd5 Nxd5 19. Nc4 Raa8 20. Qb5 b6 21. Rad1 Rad8 22. Rd2 Re6 23. Kh2 Qe8 24. Nf5 Kh7 25. g3 Nf6 26. Nfe3 g6 27. Ng4 Nxg4+ 28. hxg4 Qe7 29. Kg2 Na7 30. Qb3 Nc6 31. Qb5 Qf6 32. Re3 Kg7 33. Rde2 Rde8 1/2-1/2

[Event "IRI-ch"]
[Site "Tabriz"]
[Date "2013.11.30"]
[Round "5"]
[White "Golizadeh, Asghar"]
[Black "Hosseinipour, Mehdi"]
[Result "1-0"]
[WhiteElo "2500"]
[BlackElo "2281"]
[PlyCount "61"]
[EventDate "2013.11.27"]
[EventType "swiss"]
[EventRounds "11"]
[EventCountry "IRI"]
[SourceTitle "CBM 157 Extra"]
[Source "ChessBase"]
[SourceDate "2013.12.19"]
[SourceVersion "1"]
[SourceVersionDate "2013.12.19"]
[SourceQuality "1"]

1. e4 c5 2. Nf3 d6 3. d4 cxd4 4. Nxd4 Nf6 5. Nc3 a6 6. Be2 e6 7. 0-0 Be7 8. f4 0-0 9. Kh1 Nc6 10. Be3 Qc7 11. Qe1 Bd7 12. Qg3 Nxd4 13. Bxd4 Bc6 14. Rae1 Rad8 15. Bd3 b5 16. Rf3 Qb7 17. Qh3 g6 18. Nd1 Qb8 19. Nf2 e5 20. Bc3 b4 21. Bd2 Nh5 22. f5 d5 23. Bh6 Nf4 24. Bxf4 exf4 25. exd5 Bxd5 26. fxg6 hxg6 27. Rxe7 Qd6 28. Qh4 Bxf3 29. gxf3 Kg7 30. Ne4 Qd4 31. Ng5 1-0

[Event "Asia U20 op"]
[Site "Sharjah"]
[Date "2013.04.06"]
[Round "6"]
[White "Gameel, Mohamed"]
[Black "Hosseinipour, Mehdi"]
[Result "0-1"]
[WhiteElo "2217"]
[BlackElo "2251"]
[PlyCount "76"]
[EventDate "2013.03.30"]
[EventType "swiss"]
[EventRounds "9"]
[EventCountry "UAE"]
[SourceTitle "CBM 153 Extra"]
[Source "ChessBase"]
[SourceDate "2013.04.22"]
[SourceVersion "1"]
[SourceVersionDate "2013.04.22"]
[SourceQuality "1"]

1. e4 c5 2. Nf3 d6 3. d4 cxd4 4. Nxd4 Nf6 5. Nc3 a6 6. Bg5 e6 7. Qd2 Be7 8. f4 Qc7 9. Nf3 Nbd7 10. Bd3 b5 11. 0-0 0-0 12. Rae1 Bb7 13. Kh1 Nc5 14. e5 dxe5 15. fxe5 Nd5 16. Ne4 Nxd3 17. Qxd3 Nb4 18. Qe2 Bxg5 19. Nfxg5 h6 20. c3 Qxe5 21. Nxf7 Qxe4 22. Qxe4 Bxe4 23. Rxe4 Nd5 24. Nxh6+ gxh6 25. Rfe1 Rae8 26. Kg1 Rf6 27. a4 Kf7 28. axb5 axb5 29. Ra1 Re7 30. Ra8 Rd7 31. h3 Nf4 32. Rb4 Rd2 33. Kh1 Nxh3 34. Rxb5 Ng5 35. Ra4 Rff2 36. Rg4 Rxb2 37. Rc5 Kf6 38. Rh4 Rf1+ 0-1